01871 2200625 4500001002100000005001500021035002000036008004100056245004800097100002200145250000600167260004300173300001200216020002200228084001400250082000800264650001000272520053100282990001200813990001200825990001200837990001200849990001200861990001200873990001200885990001200897990001200909990001200921990001200933990001200945990001200957990001200969990001200981990001200993990001201005990001201017990001201029990001201041990001201053990001201065990001201077990001201089990001201101990001201113990001201125990001201137990001201149990001201161990001201173990001201185990001201197990001201209990001201221990001201233INLIS00000000000115220240516101203 a0010-0524000387240516 0 ind 1 aBurung - Burung Manyar /cY.B. Mangunwijaya aY.B. Mangunwijaya a1 aJakarta :bPT. Kompas Media,cOkt 2019 a406 hlm a978-979-709-842-1 a813 MAN b a813 4aFiksi aBurung-burung Manyar merupakan roman yang ditulis Y.B. Mangunwijaya dengan penuh keberanian dan kejujuran tentang kehidupan manusia-manusia yang terlibat peperangan, baik fisik maupun batin. Roman ini telah mendapat tanggapan positif dari kritikus sastra, penulis resensi dari berbagai media massa, dan para sastrawan. Buku ini sudah diterjemahkan dalam edisi bahasa Jepang berjudul Arasi no Naka no Ma nyar (1987), dalam bahasa Belanda Het boek van de Wevervogel (1987), dalam bahasa Inggris The Weaverbirds (1989). a0744696 a0744697 a0744698 a0744699 a0744700 a0744701 a0744702 a0744703 a0744704 a0744705 a0744706 a0744707 a0744708 a0744709 a0744710 a0744711 a0744712 a0744713 a0744714 a0744715 a0744716 a0744717 a0744718 a0744719 a0744720 a0744721 a0744722 a0744723 a0744724 a0744725 a0744726 a0744727 a0744728 a0744729 a0744730 a0744731